000 00402nam a2200181Ia 4500
001 18072
005 20260306171603.0
008 260306s9999||||xx |||||||||||||| ||und||
041 _aESP
082 _a658.4
_bP51
100 _aPhillips, Nicola
_eAUT
245 0 _aNuevas técnicas de gestión
260 _c1994
300 _a
_c
650 _aGEN
654 _aCAN
942 _cLIB
_dJUS
_fJUS
_2ddc
_n
999 _c18072
_d18072